000 00638nam a2200169 i 4500
001 156735
003 ES-MaACL
005 20230906210501.0
008 041119s1896 fr |||| | fre d
040 _aCAM
_bspa
_cCAM
080 _a821.133.1-13"11"
245 0 0 _aLa Prise de Cordres et de Sebille
_b: chanson de geste du XII\pe\s siécle /
_cpubliée par Ovide Densusianu.
260 _aParis :
_bLibraire de Firmin Didot et C\pie\s,
_c1896 (
_eLe Puy :
_fImprimerie de R. Marchessou)
300 _aCL, 194, [6] p. ;
_c24 cm.
700 1 _aDensusianu, Ovide.
_9126753
852 _aES-MaACL
_jB-12404
_z-- Enc. tela con grabados dorados
999 _c156735
_d156735